00887nam a2200181 a 450000100100000000500170001000800410002702000180006804000250008610000230011124501460013426000450028030000360032595201110036195201050047295201110057799900170068800003843720201002031248.0130411s2013 dr 000 0 spa d a9789945007053 aDO-SdBNPbspacBNPHU1 aMelo, Henry96478110aElecciones del año 1998 :b¿voto póstumo por el doctor Peña Gómez?, elecciones recientes en la República Dominicana /cMelo Henry. aSanto Domingo :bJ.M. Publicidad,c2013. a203 p. :bil., retrs. ;c23 cm. 0010718DSaGRbGRcCTd2013-04-11iLF1l0o p38437-30r2020-06-25te. 3w2020-06-25yLFDSZNo se presta 0010718PDaPDbPDcCTd2013-04-11iLF1l0o p38437-10r2020-06-25w2020-06-25yLFPDZNo se presta 0010718PDaPDbPDcCTd2013-04-11iLF1l0o p38437-20r2020-06-25te. 2w2020-06-25yLFPDZNo se presta c37927d37927